Movies Quiz

Random Movies or Clickable Quiz

Loki's Profile Quiz Stats

Quiz not verified by Sporcle

Challenge
Share
Tweet
Score 0/12 Timer 05:00
0 Plays Today
% Correct
Is Loki actually from Asgard?
97%
What color is Loki's hair?
96.9%
How does Loki find out that he is a frost giant?
96.8%
Where is Loki originally from?
96.6%
What is Loki the god of?
96.5%
What color are Loki's eyes?
96.4%
How old is Loki?
96.2%
What is Loki's favorite color?
96.2%
Who took Loki from his home planet when he was a baby?
96%
Why didn't Odin tell Loki about his true parentage?
94.4%
Why didn't Frigga tell Loki about his true parentage?
94.4%
Why does Loki want to destroy Jotunheim?
93.6%

You're not logged in!

Compare scores with friends on all Sporcle quizzes.
Sign Up with Email
OR
Log In

You Might Also Like...

Show Comments

Extras

Top Quizzes Today


Score Distribution

Your Account Isn't Verified!

In order to create a playlist on Sporcle, you need to verify the email address you used during registration. Go to your Sporcle Settings to finish the process.